Advanced topics in finite element analysis of structures : with Mathematica and MATLAB computations /

Λεπτομέρειες βιβλιογραφικής εγγραφής
Κύριος συγγραφέας: Bhatti, M. Asghar (συγγραφέας.)
Μορφή: Βιβλίο
Γλώσσα:English
Έκδοση: Hoboken, N.J. : John Wiley, c2006.
Θέματα:
LEADER 01338nam a2200253 a 4500
001 GR-MES15014
003 GR-PaULI
005 20230524093119.0
008 050225s2006 gr b 001 b eng d
952 |0 0  |1 0  |2 ddc  |4 0  |6 624_171000000000000_015_ΒΗΑ  |7 0  |9 272869  |a MSLG  |b MSLG  |c BSC  |d 2021-01-17  |e 24  |f 0  |g 0.00  |l 0  |o 624.171 015 ΒΗΑ  |p 2420000023686  |r 2021-01-17 00:00:00  |t 1  |w 2021-01-17  |y BK15  |x 20090327 0 ΤΣΑΝΤΑΡΛΙΩΤΗ 1  |x GrPaTEI 
952 |0 0  |1 0  |2 ddc  |4 0  |6 624_171000000000000_015_BHA  |7 0  |9 372017  |a LISP  |b LISP  |c BSC  |d 2023-05-24  |i 35917  |l 0  |o 624.171 015 BHA  |p 025000300941  |r 2023-05-24 00:00:00  |t 2  |w 2023-05-24  |y BK15 
999 |c 157903  |d 157903 
020 |a 0471648078 
040 |a GrPaTEI  |b gre  |c GR-PaULI  |e AACR2 
082 0 4 |a 624.171 015  |2 23 
100 1 |a Bhatti, M. Asghar  |9 198331  |e συγγραφέας. 
245 1 0 |a Advanced topics in finite element analysis of structures :  |b with Mathematica and MATLAB computations /  |c M. Asghar Bhatti. 
260 |a Hoboken, N.J. :  |b John Wiley,  |c c2006. 
300 |a xvi, 590 σ. :  |b εικ. ;  |c 25 εκ. 
504 |a Περιλαμβάνει βιβλιογραφία και ευρετήριο. 
650 0 |a Μέθοδος πεπερασμένων στοιχείων  |9 1409 
650 4 |a Mathematica (Γλώσσα προγραμματισμού)  |9 3711 
942 |2 ddc  |c BK 
998 |c ΜΠΟΥΡΑΣ  |d 2023-05